| 000 | 00692nam a2200229 a 4500 | ||
|---|---|---|---|
| 001 | 1202 | ||
| 003 | CDMR | ||
| 005 | 20131018181131.0 | ||
| 008 | 130130s1976||||||||||||||||||||||||||||d | ||
| 020 | _a2264000074 | ||
| 040 |
_aCDMR _bcat _cCDMR |
||
| 100 | 1 |
_aWill, Nicolas _9944 |
|
| 245 | 1 | 0 |
_aEssai sur la presse et le capital _cpar Nicolas Will |
| 260 |
_aParis _c1976 _bUnion Générale d'Editions |
||
| 300 |
_a314 p. _c18 cm |
||
| 490 | 0 |
_a10/18 _v1023 |
|
| 500 | _aInclou l'assaig Les journalistes dans la Contre-Révolution / César Marinori | ||
| 650 | 0 | 4 |
_93752 _aPremsa _zFrança |
| 650 | 0 | 4 |
_94146 _aPremsa _xAspectes econòmics |
| 700 | 1 |
_94145 _aMarinori, César |
|
| 942 |
_cMON _2udc |
||
| 999 |
_c1202 _d1202 |
||